| 000 | 00448nam a2200205Ia 4500 | ||
|---|---|---|---|
| 003 | IT-RoPAU | ||
| 008 | 120407s9999 xx 000 0 und d | ||
| 040 | _aIT-RoPAU | ||
| 040 | _cIT-RoPAU | ||
| 100 | _aGiovanni Bosco | ||
| 100 | _csan | ||
| 245 | _aEpistolario (1864-1868) | ||
| 250 | _aRoma | ||
| 260 | _aLas | ||
| 300 | _c cm | ||
| 490 | _v2 | ||
| 600 | _auna copia del 2° volume a parte | ||
| 700 | _aFrancesco Motto | ||
| 942 | _cBK | ||
| 999 |
_c7385 _d7385 |
||